| 000 | 00627nam a2200229 a 4500 | ||
|---|---|---|---|
| 001 | 13721 | ||
| 003 | BD-JhCC | ||
| 005 | 20240318143713.0 | ||
| 008 | 240318b 2024b a|||| ||a| 000 0 b d | ||
| 020 | _a9789849758358 | ||
| 035 | _a(BD-JhCC)13721 | ||
| 040 |
_aBD-JhCC _dBD-JhCC |
||
| 041 | _aben | ||
| 082 |
_a891.4415 _bAHM 2024 |
||
| 100 | _a আহমেদ, সামস | ||
| 245 |
_aইচ্ছেপাখি / _bসামস আহমেদ |
||
| 260 |
_aঢাকা: _bঅন্যপ্রকাশ; _c2024. |
||
| 300 |
_a56 p. : _bill _c24 cm. |
||
| 650 | _aBengali Poem | ||
| 942 |
_2ddc _cBK |
||
| 999 |
_c13721 _d13721 |
||